000 01073nam a2200301 i 4500
003 EG-GICUC
005 20260429063544.0
008 260429s1829 fr ||||fr|||| 00| 0 fre d
040 _aEG-GiCUC
_bfre
_cEG-GiCUC
_dEG-GiCUC
_eRda
082 0 4 _221
_a343.1
_bLO . L
092 0 4 _221
099 _aLaw1 10 343.1 LO . L 1829
100 1 _aLocré,M. Le Baron
_eAuteur
245 _aLa Législation Civile, Commerciale et Criminelle de la France, ou Commentaire et Complément des Codes Français.
_hTome Dix-Septizième/
_cM. Le Baron Locré.
264 1 _aParis:
_bTreuttel et Würtz,
_c1829.
300 _a540 page ;
_c 24 cm.
_billustration ;
336 _2rda contenu
_a texte
337 _2rda medias
_aOrdinateur
338 _2 transporteur rda
_a Ressource en ligne
504 _aBibliography: pages 200-250. 240-220
546 _aTexte en français
650 1 _aDroit Pénal
_2qrmak
650 1 _aDroit Pénal Général
_2qrmak
651 1 _2qrmak
856 4 0 _uhttps://fll.law.cu.edu.eg/fulltext/bks/B10-11549.pdf
905 _a59
942 _2ddc
_n0
_cBK
_e21
999 _c74017
_d74017